वचनिका (Record no. 349822)
[ view plain ]
| 000 -LEADER | |
|---|---|
| fixed length control field | 00700nam a2200229Ia 4500 |
| 003 - CONTROL NUMBER IDENTIFIER | |
| control field | OSt |
| 005 - DATE AND TIME OF LATEST TRANSACTION | |
| control field | 20220923221532.0 |
| 008 - FIXED-LENGTH DATA ELEMENTS--GENERAL INFORMATION | |
| fixed length control field | RAJ |
| 037 ## - SOURCE OF ACQUISITION | |
| Terms of availability | Textual |
| 040 ## - CATALOGING SOURCE | |
| Original cataloging agency | ARTS |
| Transcribing agency | ARTS |
| Language of cataloging | RAJ |
| 041 ## - LANGUAGE CODE | |
| Source of code | RAJ |
| Language code of text/sound track or separate title | RAJ |
| 100 ## - MAIN ENTRY--PERSONAL NAME | |
| Personal name | खिडिया जगा; राठौड़, रतन सिंधजी, संपा. |
| 9 (RLIN) | 165422 |
| 245 #0 - TITLE STATEMENT | |
| Title | वचनिका |
| 246 ## - VARYING FORM OF TITLE | |
| Title proper/short title | Vachanikā: |
| 260 ## - PUBLICATION, DISTRIBUTION, ETC. | |
| Date of publication, distribution, etc. | 1960 |
| 942 ## - ADDED ENTRY ELEMENTS (KOHA) | |
| Classification part | O1528,1JKH,1, 152K0 |
| Koha item type | Textual |
| Source of classification or shelving scheme | Colon Classification (CC) |
| Withdrawn status | Lost status | Damaged status | Not for loan | Home library | Current library | Date acquired | Total Checkouts | Full call number | Barcode | Date last seen | Price effective from | Koha item type |
|---|---|---|---|---|---|---|---|---|---|---|---|---|
| Arts Library | Arts Library | 2022-09-23 | O1528,1JKH,1 152K0 | AL0218965 | 2022-09-23 | 2022-09-23 | Textual |
